<?xml version="1.0" encoding="UTF-8"?>
<collection xmlns="http://www.loc.gov/MARC21/slim">
    <record>
        <controlfield tag="001">40355</controlfield>
        <controlfield tag="005">20170831220354.0</controlfield>
        <datafield tag="037" ind1=" " ind2=" ">
            <subfield code="a">GDOC-2013-3149</subfield>
        </datafield>
        <datafield tag="041" ind1=" " ind2=" ">
            <subfield code="a">spa</subfield>
        </datafield>
        <datafield tag="100" ind1=" " ind2=" ">
            <subfield code="0">(orcid)0000-0002-8701-9745</subfield>
            <subfield code="a">Santamaría Ramiro, Jesús Marcos</subfield>
        </datafield>
        <datafield tag="245" ind1="0" ind2="0">
            <subfield code="9">69133</subfield>
            <subfield code="a">Case studies of industrial applications</subfield>
        </datafield>
        <datafield tag="260" ind1=" " ind2=" ">
            <subfield code="a">Zaragoza</subfield>
            <subfield code="b">Universidad de Zaragoza</subfield>
            <subfield code="c">2013-2014</subfield>
        </datafield>
        <datafield tag="520" ind1=" " ind2=" ">
            <subfield code="a">A brief introduction to the subject     In this module, different speakers from the industrial world in areas from electronic to biomedical applications will explain to the students how their companies harness nanomaterials to provide a value added to their products. This allows our students to become aware of the real, scientific, financial, social, marketing, etc. difficulties involved in launching a nanodevice or a particular application of nanostructured materials onto the market.  </subfield>
        </datafield>
        <datafield tag="521" ind1=" " ind2=" ">
            <subfield code="9">674</subfield>
            <subfield code="a">Máster Universitario en Erasmus Mundus en Ingeniería de Membranas</subfield>
        </datafield>
        <datafield tag="540" ind1=" " ind2=" ">
            <subfield code="a">by-nc-sa</subfield>
            <subfield code="b">Creative Commons</subfield>
            <subfield code="c">3.0</subfield>
            <subfield code="u">http://creativecommons.org/licenses/by-nc-sa/3.0/</subfield>
        </datafield>
        <datafield tag="700" ind1=" " ind2=" ">
            <subfield code="9">(orcid)0000-0003-1558-9279</subfield>
            <subfield code="a">Goya Rossetti, Gerardo Fabián</subfield>
        </datafield>
        <datafield tag="700" ind1=" " ind2=" ">
            <subfield code="9">(orcid)0000-0002-4931-1358</subfield>
            <subfield code="a">Urbiztondo Castro, Miguel Ángel</subfield>
        </datafield>
        <datafield tag="700" ind1=" " ind2=" ">
            <subfield code="9">(orcid)0000-0002-2436-1041</subfield>
            <subfield code="a">Lobera González, María Pilar</subfield>
        </datafield>
        <datafield tag="700" ind1=" " ind2=" ">
            <subfield code="9">(orcid)0000-0001-5512-0075</subfield>
            <subfield code="a">Balas Nieto, Francisco</subfield>
        </datafield>
        <datafield tag="830" ind1=" " ind2=" ">
            <subfield code="9">472</subfield>
        </datafield>
        <datafield tag="856" ind1="4" ind2=" ">
            <subfield code="s">98145</subfield>
            <subfield code="u">http://zaguan.unizar.es/record/40355/files/guia.pdf</subfield>
            <subfield code="y">Guía (idioma español)</subfield>
        </datafield>
        <datafield tag="980" ind1=" " ind2=" ">
            <subfield code="a">GDOC</subfield>
            <subfield code="b">Ciencias</subfield>
            <subfield code="c">100</subfield>
        </datafield>
    </record>

    
</collection>